书目信息 |
| 题名: |
原子核理论:它的深化与扩展
|
|
| 作者: | 张启仁 著 | |
| 分册: | ||
| 出版信息: | 北京 北京大学出版社 1999.05 |
|
| 页数: | 423页 | |
| 开本: | 32开 | |
| 丛书名: | ||
| 单 册: | ||
| 中图分类: | O571 | |
| 科图分类: | ||
| 主题词: | 核物理学 , 高能物理学 | |
| 电子资源: | ||
| ISBN: | 7-301-04128-4 | |
| 000 | 00593nam0 2200205 45 | |
| 001 | 0007281787 | |
| 005 | 20000729101231.7 | |
| 010 | @a7-301-04128-4@d28.00元 | |
| 100 | @a20000728d1999 km y0chiy0120 ea | |
| 101 | 0 | @achi |
| 105 | @a z 000yy | |
| 200 | 1 | @a原子核理论:它的深化与扩展@AYuan Zi He Li Lun:Ta DeShen Hua Yu Kuo Zhan@f张启仁 著@FZhang Qi Ren Zhu |
| 210 | @a北京@c北京大学出版社@d1999.05 | |
| 215 | @a423页@d32开 | |
| 606 | 0 | @a核物理学 |
| 606 | 0 | @a高能物理学 |
| 690 | @aO571@v3 | |
| 701 | 0 | @a张启仁@4著 |
| 801 | @aCN@bPftUser@c20000728 | |
| 905 | @dO571@eZH714@b81815-819@f5 | |
| 原子核理论:它的深化与扩展/张启仁 著.-北京:北京大学出版社,1999.05 |
| 423页;32开 |
| ISBN 7-301-04128-4:28.00元 |
| ● |
| 相关链接 |
|
|
|
正题名:原子核理论:它的深化与扩展
索取号:O571/ZH714
 
预约/预借
| 序号 | 登录号 | 条形码 | 馆藏地/架位号 | 状态 | 备注 |
| 1 | 81815 | 200818151 | 自科库401/401自科库 89排1列3层/ [索取号:O571/ZH714] | 在馆 | |
| 2 | 81816 | 200818160 | 自科库401/401自科库 89排1列3层/ [索取号:O571/ZH714] | 在馆 | |
| 3 | 81817 | 200818179 | 自科库401/401自科库 89排1列3层/ [索取号:O571/ZH714] | 在馆 | |
| 4 | 81818 | 200818188 | 自科库401/401自科库 89排1列3层/ [索取号:O571/ZH714] | 在馆 | |
| 5 | 81819 | 200818197 | 自科库401/401自科库 89排1列3层/ [索取号:O571/ZH714] | 在馆 |